00725nam a2200193 u 450000100100000000500170001000800410002704000250006808200150009310000360010824500560014426000740020030000210027450000210029550000370031650000420035395201210039599900150051600000480020200929151514.0090727s1997 dr r 000 0 spa d aDO-SdBNPbspacBNPHU axxxbC389c1 aCedeño, Víctor Livio91393913a"La cuestión agraria" /cVíctor Livio Cedeño. aSanto Domingo :bLibrería y Papelería La Filantrópica,c[1997]. a254 p. ;c21 cm. aIncluye índice aIncluye notas a pie de páginas aIncluye datos biográficos del autor 001052708PDaPDbPDcCTd2009-07-27iLF1l0oxxx C389cp4800-10r2020-06-25w2020-06-25yLFPDZPréstamo interno c4606d4606